El Orinoco terecer río del mundo / (Registro nro. 17800)
[ vista simple ]
| 000 -CABECERA | |
|---|---|
| Campo de control | 00934nam a22002537a 4500 |
| 005 - FECHA Y HORA DE LA ULTIMA TRANSACCION | |
| Campo de control | 20180803170158.0 |
| 008 - ELEMENTOS DE LONGITUD FIJA—INFORMACION GENERAL | |
| Campo de control | 150922b1998 ck |||||r|||| 00| 0 spa d |
| 020 ## - ISBN | |
| ISBN | 9800754857 |
| 040 ## - FUENTE DE CATALOGACIÓN | |
| Agencia catalogadora original | CO-BoIAVH |
| Agencia transcriptora | CO-BoIAVH |
| 041 0# - IDIOMA | |
| Código de idioma para texto/pista de sonido o título separado | Español |
| 044 ## - PAÍS DE PUBLICACIÓN | |
| País de publicación | Venezuela |
| 082 04 - NUMERO DE CLASIFICACION DECIMAL DEWEY | |
| Número de clasificación | 551.483 |
| Número del ítem | M78o |
| 100 1# - ASIENTO PRINCIPAL--NOMBRE PERSONAL | |
| Nombre personal | Palacios Monteverde, Oscar |
| 9 (RLIN) | 39256 |
| 245 13 - MENCION DE TITULO | |
| Título | El Orinoco terecer río del mundo / |
| Mención de responsabilidad | Oscar Palacios Monteverde |
| 260 ## - PUBLICACION, DISTRIBUCION, ETC. (PIE DE IMPRENTA) | |
| Lugar de publicación, distribución, etc. | Caracas (Venezuela): |
| Nombre del editor, distribuidor, etc. | Fundación Avenza: |
| -- | Fundación Terramar, |
| Fecha de publicación, distribución, etc. | 1998. |
| 300 ## - DESCRIPCION FISICA | |
| Extensión | 132 páginas : |
| Otros detalles físicos | ilustraciones y fotografías (algunas a color), mapas ; |
| Dimensiones | 22 cm. |
| 504 ## - NOTA DE BIBLIOGRAFIA, ETC. | |
| Nota de bibliografía | Incluye referencias bibliográficas. |
| 650 #6 - ASIENTO SECUNDARIO DE MATERIA - TERMINO TEMATICO | |
| Término temático o nombre geográfico como elemento de entrada | Ríos |
| 9 (RLIN) | 92849 |
| 651 #4 - ASIENTO SECUNDARIO DE MATERIA - NOMBRE GEOGRAFICO | |
| Nombre geográfico | Orinoco (Río, Venezuela) |
| Subdivisión general | Características |
| 9 (RLIN) | 39262 |
| 651 #4 - ASIENTO SECUNDARIO DE MATERIA - NOMBRE GEOGRAFICO | |
| Nombre geográfico | Orinoco (Río, Venezuela) |
| Subdivisión general | Caudales |
| 9 (RLIN) | 39263 |
| 651 #4 - ASIENTO SECUNDARIO DE MATERIA - NOMBRE GEOGRAFICO | |
| Nombre geográfico | Orinoco (Río, Venezuela) |
| Subdivisión general | Deltas |
| 9 (RLIN) | 39264 |
| 700 1# - ASIENTO SECUNDARIO - NOMBRE PERSONAL | |
| Nombre personal | Michelangeli Ayala, Armando |
| Término de relación | Editor |
| 9 (RLIN) | 39260 |
| 942 ## - ELEMENTOS ADICIONALES (KOHA) | |
| Sistema de clasificación | Dewey Decimal Classification |
| Tipo de ítem | Libro |
| Withdrawn status | Lost status | Sistema de Clasificación | Damaged status | No para préstamo | Colección | Inventariado | Ubicación Permanente | Ubicación actual | Fecha de adquisición | Valor | Total Checkouts | Número topográfico | Inventario / Código de Barras | Date last seen | Ejemplar | Price effective from | Forma de adquisición | Tipo de material |
|---|---|---|---|---|---|---|---|---|---|---|---|---|---|---|---|---|---|---|
| Dewey Decimal Classification | General | Inventariado 2017 | Bogotá | Bogotá | 22/09/2015 | 39000.00 | LB-551.483 M78o | 035216 | 22/09/2015 | Ej. 1 | 22/09/2015 | Libro |